000 00319 a2200145 4500
001 154815
040 _cEscola São Tomás de Aquino
100 _aCANTO, Eduardo Leite
240 1 0 _aCiências Naturais
_lpor
245 1 0 _aCiências Naturais
300 _a320
362 0 _a2009
697 _aCIÊNCIAS
942 _cBK
999 _c154815
_d154815